[Event "Voronezh op-B 23rd"]
[Site "Voronezh"]
[Date "2019.06.19"]
[Round "8"]
[White "Perelygin, Evgeny"]
[Black "Sepiashvili, Ivan"]
[Result "1-0"]
[WhiteElo "1585"]
[BlackElo "1691"]
[PlyCount "67"]
[EventDate "2019.06.12"]
[EventType "swiss"]
[EventRounds "9"]
[EventCountry "RUS"]
[SourceTitle "EXT 2020"]
[Source "ChessBase"]
[SourceDate "2019.10.17"]
[SourceVersion "1"]
[SourceVersionDate "2019.10.17"]
[SourceQuality "1"]

1. d4 d5 2. c4 e6 3. Nc3 Nf6 4. Bg5 Be7 5. e3 0-0 6. Nf3 a6 7. Bd3 dxc4 8. Bxc4 b5 9. Be2 Bb7 10. 0-0 Nbd7 11. Rc1 Rc8 12. Qd2 c5 13. dxc5 Nxc5 14. Qxd8 Rfxd8 15. Rfd1 b4 16. Nb1 Nce4 17. Rxd8+ Rxd8 18. Rc7 Nxg5 19. Rxb7 Nxf3+ 20. gxf3 Bf8 21. a3 Rc8 22. Bf1 Rc2 23. axb4 Rxb2 24. Nc3 Rb3 25. Rc7 Ra3 26. b5 Ne8 27. Rc6 a5 28. b6 Nd6 29. Nb5 Nxb5 30. b7 Na7 31. Rc8 Nc6 32. Bb5 Ra1+ 33. Kg2 a4 34. Rxc6 1-0

[Event "Voronezh op-B 23rd"]
[Site "Voronezh"]
[Date "2019.06.18"]
[Round "7"]
[White "Lekhtonen, Yaroslav"]
[Black "Perelygin, Evgeny"]
[Result "1-0"]
[WhiteElo "1776"]
[BlackElo "1585"]
[PlyCount "57"]
[EventDate "2019.06.12"]
[EventType "swiss"]
[EventRounds "9"]
[EventCountry "RUS"]
[SourceTitle "EXT 2020"]
[Source "ChessBase"]
[SourceDate "2019.10.17"]
[SourceVersion "1"]
[SourceVersionDate "2019.10.17"]
[SourceQuality "1"]

1. d4 Nf6 2. c4 g6 3. Nc3 Bg7 4. e4 d6 5. Nf3 0-0 6. Be2 Nbd7 7. Be3 b6 8. 0-0 Bb7 9. d5 e6 10. Qc2 exd5 11. exd5 Nc5 12. b4 Ncd7 13. Rac1 c5 14. dxc6 Bxc6 15. Rfd1 Qe7 16. Nd5 Bxd5 17. cxd5 Rac8 18. Qd3 Ne5 19. Nxe5 Qxe5 20. Rc6 Rxc6 21. dxc6 Rc8 22. Qxd6 Qxd6 23. Rxd6 Ne8 24. Rd7 Rxc6 25. Rxa7 Nc7 26. g3 f5 27. Bf3 Rc4 28. Bxb6 Nb5 29. Bd5+ 1-0

[Event "Voronezh op-B 23rd"]
[Site "Voronezh"]
[Date "2019.06.12"]
[Round "1"]
[White "Shestakova, Ekaterina"]
[Black "Perelygin, Evgeny"]
[Result "1-0"]
[WhiteElo "1950"]
[BlackElo "1585"]
[PlyCount "93"]
[EventDate "2019.06.12"]
[EventType "swiss"]
[EventRounds "9"]
[EventCountry "RUS"]
[SourceTitle "EXT 2020"]
[Source "ChessBase"]
[SourceDate "2019.10.17"]
[SourceVersion "1"]
[SourceVersionDate "2019.10.17"]
[SourceQuality "1"]

1. e4 c5 2. c3 d5 3. exd5 Qxd5 4. d4 Nc6 5. Nf3 Bg4 6. Be2 e6 7. 0-0 Nf6 8. h3 Bh5 9. Be3 cxd4 10. Nxd4 Bxe2 11. Qxe2 Nxd4 12. Bxd4 Be7 13. Rd1 Qc6 14. Nd2 0-0 15. Nf3 Nd5 16. Ne5 Qc7 17. Qg4 Bf6 18. Re1 Ne7 19. c4 Rfd8 20. Bc3 Ng6 21. f4 Bxe5 22. fxe5 Rd3 23. Qe4 Rad8 24. a4 Qc6 25. Qxc6 bxc6 26. Kf2 Nh4 27. Ra3 Nf5 28. Rb3 g6 29. Rb7 R8d7 30. Rxd7 Rxd7 31. g4 Ng7 32. b4 h5 33. Ke3 hxg4 34. hxg4 Ne8 35. b5 cxb5 36. axb5 Nc7 37. Ra1 Na8 38. Bd4 Nb6 39. Bxb6 axb6 40. Ra8+ Kg7 41. Rb8 f5 42. Rxb6 fxg4 43. Rxe6 Rf7 44. Rf6 Re7 45. Ke4 g3 46. Rf3 g2 47. Rg3 1-0